Born in Anaheim/California - Statistics

General Stats
  • This quiz has been taken 32 times
    13 since last reset
  • The average score is 4 of 9
Answer Stats
Hint Answer % Correct
Actor, known for his roles as Elvis Presley in "Elvis" and Tex Watson in "Once Upon a Time in Hollywood" 1991 Austin Butler
88%
Point guard who plays for the Charlotte Hornets 2001 LaMelo Ball
63%
Point guard who plays for the Chicago Bulls 1997 Lonzo Ball
63%
Actor, "Gilmore Girls" "This Is Us" "Rocky Balboa" 1977 Milo Ventimiglia
38%
Actor, known for his roles as Zero Moustafa in "The Grand Budapest Hotel" and Flash Thompson in the Marvel Cinematic Universe 1996 Tony Revolori
38%
Voice actor of Buggs Bunny, Yogi Bear and Mr. DNA (Jurassic Park) 1949 Greg Burson
25%
Creator of Arrested Development 1963 Mitchell Hurwitz
25%
Actress, "3 Body Problem" "The Joy Luck Club" "Star Trek: The Next Generation" 1957 Rosalind Chao
25%
Former tennis player, winner of 17 Grand Slam titles in women's double and nine mixed doubles 1892 Elizabeth Ryan
13%
No matching quizzes found
Score Distribution
Percent of People with Each Score
Percentile by Number Answered
Your Score History
You have not taken this quiz since the last reset